[Event "Hradec Kralove Region-chT 2223"]
[Site "Czech Republic"]
[Date "2022.10.30"]
[Round "2.5"]
[White "Charvat, Vaclav"]
[Black "Dvorak, Zdenek"]
[Result "0-1"]
[WhiteElo "1666"]
[BlackElo "1625"]
[PlyCount "62"]
[EventDate "2022.10.09"]
[EventType "team-tourn"]
[EventRounds "11"]
[EventCountry "CZE"]
[SourceTitle "EXT 2024"]
[Source "ChessBase"]
[SourceDate "2023.10.10"]
[SourceVersion "1"]
[SourceVersionDate "2023.10.10"]
[SourceQuality "1"]

1. d4 f5 2. Nf3 Nf6 3. e3 e6 4. Bd3 Be7 5. 0-0 0-0 6. Nbd2 d5 7. Ne5 Nbd7 8. Ndf3 c5 9. c3 Bd6 10. Re1 Qc7 11. Nxd7 Bxd7 12. dxc5 Bxc5 13. b4 Bd6 14. Bb2 e5 15. Nd2 e4 16. Bc2 Bxh2+ 17. Kh1 Be5 18. Bb3 Be6 19. g3 Ng4 20. Qe2 Rf6 21. Kg2 g5 22. Rh1 f4 23. exf4 gxf4 24. gxf4 Bxf4 25. Nxe4 Rg6 26. Kf1 Nh2+ 27. Ke1 dxe4 28. Bxe6+ Rxe6 29. Rg1+ Kh8 30. Rg2 Rd8 31. Qh5 Nf3+ 0-1

[Event "Tatry op"]
[Site "Tatranske Zruby"]
[Date "2013.10.05"]
[Round "8"]
[White "Bracok, Stefan"]
[Black "Dvorak, Zdenek"]
[Result "0-1"]
[WhiteElo "1704"]
[BlackElo "1000"]
[PlyCount "60"]
[EventDate "2013.09.29"]
[EventType "swiss"]
[EventRounds "9"]
[EventCountry "SVK"]
[SourceTitle "EXT 2023"]
[Source "ChessBase"]
[SourceDate "2022.10.05"]
[SourceVersion "1"]
[SourceVersionDate "2022.10.05"]
[SourceQuality "1"]

1. e4 e5 2. Nf3 Nc6 3. Bb5 d6 4. c3 Bd7 5. d4 Nf6 6. Qc2 a6 7. Bd3 Be7 8. 0-0 Bg4 9. Nbd2 Qd7 10. d5 Nd8 11. Be2 b5 12. a4 Rb8 13. axb5 axb5 14. Qb3 Bxf3 15. Bxf3 Nb7 16. Be2 0-0 17. Bxb5 Qg4 18. f3 Qg6 19. Qc4 Rfc8 20. Ra7 Nh5 21. b4 Nf4 22. g3 Bh4 23. Kf2 f5 24. gxh4 c5 25. dxc6+ d5 26. exd5 Nd6 27. Qb3 Rxb5 28. Qd1 Qg2+ 29. Ke3 Rxd5 30. Rf2 Rd3# 0-1

[Event "Tatry op"]
[Site "Tatranske Zruby"]
[Date "2013.10.03"]
[Round "6"]
[White "Celustkova, Lubica"]
[Black "Dvorak, Zdenek"]
[Result "1/2-1/2"]
[WhiteElo "1618"]
[BlackElo "1000"]
[PlyCount "169"]
[EventDate "2013.09.29"]
[EventType "swiss"]
[EventRounds "9"]
[EventCountry "SVK"]
[SourceTitle "EXT 2023"]
[Source "ChessBase"]
[SourceDate "2022.10.05"]
[SourceVersion "1"]
[SourceVersionDate "2022.10.05"]
[SourceQuality "1"]

1. e4 e5 2. Nf3 Nc6 3. Bb5 d6 4. d4 exd4 5. Nxd4 Bd7 6. Nxc6 Bxc6 7. Bxc6+ bxc6 8. 0-0 Nf6 9. Nc3 Be7 10. f4 0-0 11. Qf3 Nd7 12. b3 Nb6 13. Bb2 d5 14. Qg4 d4 15. Ne2 c5 16. e5 Nd5 17. Qf3 Ne3 18. Rfc1 Rb8 19. c3 Nf5 20. Qd3 dxc3 21. Qxc3 Rb6 22. Rd1 Qc8 23. Ng3 Nd4 24. Ba3 Nb5 25. Qc1 Nxa3 26. Qxa3 a6 27. Qc1 Rb4 28. Qe3 Rb5 29. Kh1 Rd8 30. f5 f6 31. e6 Rb4 32. Ne2 Rb6 33. Nc3 Rbd6 34. Rxd6 Rxd6 35. Rd1 Rxd1+ 36. Nxd1 Qd8 37. Qf3 Qd6 38. h3 c6 39. Nc3 Bd8 40. Qd1 Qxd1+ 41. Nxd1 g6 42. g4 gxf5 43. gxf5 Kg7 44. Kg2 Kh6 45. Kg3 Kg7 46. Kg4 Kf8 47. Kh5 Kg8 48. Ne3 Be7 49. Kg4 Kf8 50. h4 Ke8 51. Kf4 Kd8 52. Ke4 Kc7 53. Nc4 Bf8 54. h5 Be7 55. Kd3 Bf8 56. a3 Be7 57. Kc3 Kb7 58. b4 Kc7 59. bxc5 Bxc5 60. a4 Be7 61. Kd4 h6 62. Ne3 Kd8 63. Ng4 Bf8 64. Nxf6 Bg7 65. Kc5 Bxf6 66. Kxc6 Ke7 67. Kb6 Kd6 68. Kxa6 Ke5 69. Kb6 Kxf5 70. a5 Kxe6 71. Kc5 Kf5 72. a6 Bh4 73. Kd4 Bf2+ 74. Kd3 Ba7 75. Ke2 Kg4 76. Kf1 Kxh5 77. Kg2 Kg5 78. Kh1 Bb6 79. a7 Bxa7 80. Kg2 h5 81. Kh1 Bb8 82. Kg2 h4 83. Kh1 Kg4 84. Kg1 Kg3 85. Kh1 1/2-1/2